000 00439nmm a2200157Ia 4500
008 251105s9999||||xx |||||||||||||||||und||
020 _a9789562606264
041 _aspa
100 _aCerda, Patricia
245 0 _aEntre mundos
264 _a[Santiago de Chile, Chile] :
_bCuarto Propio,
_c2013
300 _a186 páginas
650 _aLatin American narrative
856 _uhttps://public.digitaliapublishing.com/a/38314
942 _cCF
999 _c94266
_d94266